[Event "FRA-chT4 1011"]
[Site "Champagne Ardennes"]
[Date "2011.02.06"]
[Round "5"]
[White "Pierlot, Aurore"]
[Black "Salazar, Cecile"]
[Result "0-1"]
[WhiteElo "1440"]
[BlackElo "1360"]
[PlyCount "75"]
[EventDate "2010.10.10"]
[EventType "team-tourn"]
[EventRounds "7"]
[EventCountry "FRA"]
[SourceTitle "EXT 2024"]
[Source "ChessBase"]
[SourceDate "2023.10.10"]
[SourceVersion "1"]
[SourceVersionDate "2023.10.10"]
[SourceQuality "1"]

1. e4 e5 2. Nf3 Nc6 3. Bc4 Nf6 4. Ng5 d5 5. exd5 Nxd5 6. d3 Be7 7. Nxf7 Kxf7 8. Qf3+ Ke8 9. Bxd5 Rf8 10. Qe4 Rf4 11. Bxf4 exf4 12. Qxf4 Qxd5 13. 0-0 Be6 14. Nc3 Qd6 15. Qe4 Kd7 16. Rfd1 Rf8 17. g3 Rf5 18. d4 Nb4 19. a3 Nd5 20. Nb5 Qb6 21. Re1 Rf6 22. c4 Bf5 23. Qxd5+ Bd6 24. Nxd6 cxd6 25. b4 Be6 26. Qg5 Qxd4 27. Qxg7+ Bf7 28. Re2 Kc6 29. Qxh7 Qxa1+ 30. Kg2 Bxc4 31. Qe4+ d5 32. Qe8+ Kd6 33. Qe7+ Kc6 34. Qxf6+ Qxf6 35. Rc2 Qe5 36. Rc1 Qe4+ 37. Kg1 Qd3 38. Kh1 0-1

[Event "FRA-chT2D 0506"]
[Site "France"]
[Date "2006.01.15"]
[Round "6.9"]
[White "Salazar, Cecile"]
[Black "Arimiea, Marcel"]
[Result "0-1"]
[WhiteElo "1010"]
[BlackElo "1810"]
[PlyCount "52"]
[EventDate "2005.10.27"]
[EventType "team-tourn"]
[EventRounds "11"]
[EventCountry "FRA"]
[SourceTitle "EXT 2006"]
[Source "ChessBase"]
[SourceDate "2005.11.24"]
[SourceVersion "1"]
[SourceVersionDate "2005.11.24"]
[SourceQuality "1"]
[WhiteTeam "Chalon"]
[BlackTeam "Bischwiller"]
[WhiteTeamCountry "FRA"]
[BlackTeamCountry "FRA"]

1. e4 e6 2. Nf3 Be7 3. d4 d6 4. Bb5+ c6 5. Nc3 cxb5 6. Nxb5 Qa5+ 7. Bd2 Qxb5 8. Rf1 Qxb2 9. Rb1 Qxa2 10. Bc3 Qa6 11. Ra1 Qc6 12. Bb4 Qxe4+ 13. Kd2 Qf4+ 14. Ke2 a5 15. Bd2 Qe4+ 16. Be3 b6 17. Qb1 Ba6+ 18. Kd2 Bxf1 19. Qxf1 Qc6 20. Rb1 Nf6 21. Rb5 Ne4+ 22. Kc1 Nc3 23. Rb3 Na2+ 24. Kb1 Nb4 25. Bg5 Qxc2+ 26. Ka1 Qa2# 0-1